Central Library OPAC University of Rajshahi

Intergroup processes : (Record no. 32788)

MARC details
000 -LEADER
fixed length control field 00774nam a2200253 i 4500
001 - CONTROL NUMBER
control field 32788
003 - CONTROL NUMBER IDENTIFIER
rucl marc code BD-RjUL
005 - DATE AND TIME OF LATEST TRANSACTION
control field 20211209051908.0
008 - FIXED-LENGTH DATA ELEMENTS--GENERAL INFORMATION
fixed length control field 140428s1979 nyua b 00110 eng
020 ## - INTERNATIONAL STANDARD BOOK NUMBER
International Standard Book Number 0029036208
035 ## - SYSTEM CONTROL NUMBER
System control number (BD-RjUL)32878
040 ## - CATALOGING SOURCE
Original cataloging agency DLC
Language of cataloging eng
Transcribing agency ANL
Modifying agency BD-RjUL
041 ## - LANGUAGE CODE
Language code of text/sound track or separate title eng
082 00 - DEWEY DECIMAL CLASSIFICATION NUMBER
Classification number 302.3
Author mark and year BLI 1979
Edition number 23
100 1# - MAIN ENTRY--PERSONAL NAME
Personal name Blalock, Hubert M.
9 (RLIN) 57182
245 10 - TITLE STATEMENT
Title Intergroup processes :
Remainder of title a micro-macro perspective /
Statement of responsibility, etc. Hubert M. Blalock, Jr., Paul H. Wilken.
260 ## - PUBLICATION, DISTRIBUTION, ETC. (IMPRINT)
Place of publication, distribution, etc. New York :
Name of publisher, distributor, etc. Free Press,
Date of publication, distribution, etc. c1979.
300 ## - PHYSICAL DESCRIPTION
Pagination x, 645 p. :
Illustrations ill. ;
Size 24 cm.
504 ## - BIBLIOGRAPHY, ETC. NOTE
Bibliography, etc Bibliography: p. 614-629.and indexes.
650 #0 - SUBJECT ADDED ENTRY--TOPICAL TERM
Topical term or geographic name as entry element Social groups
9 (RLIN) 99700
700 1# - ADDED ENTRY--PERSONAL NAME
Personal name Wilken, Paul H.
Relator term joint author.
942 ## - ADDED ENTRY ELEMENTS (KOHA)
Source of classification or shelving scheme Dewey Decimal Classification
Koha item type Books
Holdings
Lost status Source of classification or shelving scheme Damaged status Not for loan Collection code Permanent Location Current Location Shelving location Date acquired Source of acquisition Total Checkouts Full call number Date last seen Copy number Koha item type
  Dewey Decimal Classification     Non-fiction Central Library, University of Rajshahi Central Library, University of Rajshahi   23/07/1994 Asia Foundation, Gift.   302.3 BLI 1979 28/04/2014 C-2 Books
  Dewey Decimal Classification   Not For Loan Non-fiction Central Library, University of Rajshahi Central Library, University of Rajshahi Reading Room 27/10/1992     302.3 BLI 1979 07/12/2016 C-1 Books